000 00600nam a2200181 i 4500
001 95816
003 ES-MaACL
005 20240418133857.0
007 t|
008 050606s1972 sp ||||1| spa d
100 1 _aMacías Picavea, Ricardo.
_975221
245 1 3 _aEl problema nacional
_b: hechos, causas y remedios /
_cRicardo Macías Picavea; introducción, enlaces y notas Fermín Solana.
260 _aMadrid :
_bSeminarios y Ediciones,
_c1972.
300 _a181 p. ;
_c18 cm.
700 0 _aSolana, Fermín,
_d1928-
_9107065
852 _aES-MaACL
_jC-52694
_bR.82293
999 _c95816
_d95816